=LDR 00000nam 2200000 4500 =001 INLIS000000000047038 =005 20150702123513.0 =006 =007 =008 =035 ##$$0010-071500000000008 =082 ##$$a 028.5 =090 ##$$a 028.5 sar b.3 =100 ##$$a mezan meda utama =245 ##$$a boneka dari ayah =260 ##$$a mezan pustaka =300 ##$$a hln. 112 =850 ##$$a NPBMAT =990 ##$$a 2090100896/BPAP-NTB/2015